Statistics for Leicester City all-time top scorers

Click here to take the quiz!

General Stats

  • This quiz has been taken 11 times
  • The average score is 2 of 10

Answer Stats

GoalsNationalityPlayer% Correct
185EnglandJamie Vardy
100%
58EnglandGary Lineker
40%
64EnglandAlan Smith
20%
66EnglandFrank Worthington
20%
61NigeriaKelechi Iheanacho
20%
62WalesAndy King
10%
59EnglandDavid Nugent
10%
68EnglandMike Stringfellow
10%
62EnglandKen Keyworth
0%
62EnglandMatty Fryatt
0%

Score Distribution

Percentile by Number Answered

Percent of People with Each Score

Your Score History

You have not taken this quiz